Normal view
MARC view
Entry Personal Name
001 - CONTROL NUMBER
- control field: 60296
003 - CONTROL NUMBER IDENTIFIER
- control field: OSt
005 - DATE AND TIME OF LATEST TRANSACTION
- control field: 20260428113734.0
008 - FIXED-LENGTH DATA ELEMENTS
- fixed length control field: 260428|| aca||aabn | a|a d
040 ## - CATALOGING SOURCE
- Original cataloging agency: OSt
- Transcribing agency: OSt
100 ## - HEADING--PERSONAL NAME
- Personal name: Govil, Dipti Sekher, T.V. and Lekhwani, Manish
670 ## - SOURCE DATA FOUND
- Source citation: Work cat.: (OSt): Govil, Dipti Sekher, T.V. and Lekhwani, Manish, Assessing the unmet need for healthcare among older adults in INDIA: Evidence from a nationwide survey
